Tagore and More: (Record no. 200498)
[ view plain ]
| 000 -LEADER | |
|---|---|
| fixed length control field | 00650nam a22001937a 4500 |
| 005 - DATE AND TIME OF LATEST TRANSACTION | |
| control field | 20240201144622.0 |
| 010 ## - LCCN (DPL NO) | |
| LC control number | ENG-139103 |
| 020 ## - INTERNATIONAL STANDARD BOOK NUMBER | |
| International Standard Book Number | 9788195355822 |
| Terms of availability | 699.00 |
| 035 ## - SYSTEM CONTROL NUMBER | |
| System control number | EN-122635 |
| 037 ## - SOURCE OF ACQUISITION | |
| Source of stock number/acquisition | DBAD/PUB |
| 082 ## - DEWEY DECIMAL CLASSIFICATION NUMBER | |
| Classification number | S |
| Edition number | 1 |
| 245 ## - TITLE STATEMENT | |
| Title | Tagore and More: |
| Remainder of title | Selected Stories/ |
| Statement of responsibility, etc | Translated By Hindol Chakraborty and Pritha das |
| 260 ## - PUBLICATION, DISTRIBUTION, ETC. (IMPRINT) | |
| Place of publication, distribution, etc | Delhi |
| Name of publisher, distributor, etc | Nandy Enterprises |
| Date of publication, distribution, etc | 2021 |
| 270 ## - ADDRESS | |
| Address | 114-C , Pocket-A, Phase-II Mayur Vihar |
| City | Delhi |
| Postal code | 110091 |
| Electronic mail address | nandyenterprises114@gmail.com |
| 300 ## - PHYSICAL DESCRIPTION | |
| Extent | xv,316p. |
| Dimensions | 22cm(hbk) |
| 700 ## - ADDED ENTRY--PERSONAL NAME | |
| Personal name | Chakraborty , Hindol |
| Relator term | Transalated |
| 9 (RLIN) | 61534 |
| 700 ## - ADDED ENTRY--PERSONAL NAME | |
| Personal name | Das, Pritha |
| Relator term | Transalated |
| 9 (RLIN) | 61535 |
| 942 ## - ADDED ENTRY ELEMENTS (KOHA) | |
| Source of classification or shelving scheme | Dewey Decimal Classification |
| Item type | English Books |
| Classification part | S |
| Call number suffix | TAG |
| Withdrawn status | Lost status | Not for loan | Collection code | Home library | Current library | Date acquired | Source of acquisition | Cost, normal purchase price | Full call number | Barcode | Copy number | Cost, replacement price | Koha item type |
|---|---|---|---|---|---|---|---|---|---|---|---|---|---|
| Non-fiction | Sarojini Nagar | Sarojini Nagar | 01/02/2024 | DBAD/PUB | 699.00 | S TAG | EN-122635 | 1 | 699.00 | English Books |
